Presbyterians: (Record no. 17411)

000 -LEADER
fixed length control field 00711nam a2200217 a 4500
001 - CONTROL NUMBER
control field :::00021352$&:&@@
003 - CONTROL NUMBER IDENTIFIER
control field OkBaRHE
005 - DATE AND TIME OF LATEST TRANSACTION
control field 20090415132433.0
008 - FIXED-LENGTH DATA ELEMENTS--GENERAL INFORMATION
fixed length control field s1978 j 000 0 eng u
020 ## - INTERNATIONAL STANDARD BOOK NUMBER
International Standard Book Number 0804209855
040 ## - CATALOGING SOURCE
Transcribing agency
100 1# - MAIN ENTRY--PERSONAL NAME
Personal name Lingle, Walter L.ee. 1868-1956
245 10 - TITLE STATEMENT
Title Presbyterians:
Remainder of title their history and beliefs
Statement of responsibility, etc Addittiona Author Kuykendall, John W.
250 ## - EDITION STATEMENT
Edition statement 4th Revised Edition
260 ## - PUBLICATION, DISTRIBUTION, ETC. (IMPRINT)
Place of publication, distribution, etc Atlanta
Name of publisher, distributor, etc John Knox Press
Date of publication, distribution, etc c1978
300 ## - PHYSICAL DESCRIPTION
Extent 110pp. : port. ;
Dimensions 21 cm
650 ## - SUBJECT ADDED ENTRY--TOPICAL TERM
Topical term or geographic name as entry element Presbyterian Church
General subdivision History
650 ## - SUBJECT ADDED ENTRY--TOPICAL TERM
Topical term or geographic name as entry element Presbyterianism
942 ## - ADDED ENTRY ELEMENTS (KOHA)
Source of classification or shelving scheme
Koha item type Books
Copies
Price effective from Koha item type Damaged status Full call number Not for loan Date last seen Lost status Date acquired Copy number Shelving location Permanent Location Withdrawn status Source of classification or shelving scheme Barcode
2010-04-14Books BX 8931.2 .L56 2010-04-14 2010-04-141General StacksRHEMA Bible Training College  21352